000 00514nam a22001697a 4500
003 UA-OsUOA
001 10011
007 ta
008 20041213b un ||||| |||| 00| 0 ukr d
942 _cSA
040 _aUA-OsUOA
_cUA-OsUOA
_dUA-OsUOA
245 _aПро податок доходів фізичних осіб
_c[Відповіді на запитання]
300 _aС.22
955 _a0
773 0 _w0
_tПраця і зарплата
_dКиїв
_d2004
_g№44
650 7 _aПодаткове право
_2UDC
999 _c296172
_d296172